[Event "Superettan(Upsala-Vasteras II)"]
[Site "?"]
[Date "2022.05.13"]
[Round "9"]
[White "Adahl, Mattias"]
[Black "Malm Lindberg, Henrik"]
[Result "1/2-1/2"]
[WhiteElo "2086"]
[BlackElo "2194"]
[PlyCount "36"]

1. d4 Nf6 2. Nf3 e6 3. c3 c5 4. e3 Nc6 5. h3 d5 6. Nbd2 Bd6 7. Bd3 O-O 8. O-O
e5 9. dxe5 Nxe5 10. Nxe5 Bxe5 11. e4 Bc7 12. Re1 Re8 13. exd5 Rxe1+ 14. Qxe1
Qxd5 15. Bc4 Qd6 16. Nf1 Bf5 17. Be3 Re8 18. Qd1 Qxd1 1/2-1/2

[Event "Superettan(Farsta-SS 4 Springare)"]
[Site "?"]
[Date "2022.05.13"]
[Round "9"]
[White "Iminov, Bachtiar"]
[Black "Lindeman, Sven"]
[Result "0-1"]
[WhiteElo "1846"]
[BlackElo "2154"]
[PlyCount "36"]

1. Nf3 c5 2. c4 Nc6 3. b3 e5 4. Nc3 Nge7 5. Bb2 d5 6. cxd5 Nxd5 7. Nxd5 Qxd5 8.
d3 Bg4 9. Qd2 Be7 10. h3 Bxf3 11. gxf3 O-O 12. h4 a5 13. Rg1 Qe6 14. Rc1 a4 15.
Rg4 axb3 16. Bh3 f5 17. Rg1 Rxa2 18. e4 Nd4 0-1

[Event "Superettan(Upsala-Vasteras II)"]
[Site "?"]
[Date "2022.05.13"]
[Round "9"]
[White "Bernhard, Jonathan"]
[Black "Gajic, Zoran"]
[Result "0-1"]
[WhiteElo "1981"]
[BlackElo "1954"]
[PlyCount "102"]

1. e4 c5 2. d4 cxd4 3. Qxd4 Nc6 4. Qd3 Nf6 5. Nc3 d6 6. Nf3 Bd7 7. Bg5 Nb4 8.
Qd2 Qa5 9. Bxf6 gxf6 10. Bc4 Rg8 11. O-O-O Rc8 12. Bb3 Qh5 13. Kb1 Rxg2 14. Nd4
Bh6 15. Qe1 a6 16. Nce2 Nc6 17. Ng3 Qa5 18. Qe2 Nxd4 19. Rxd4 Qe5 20. Rd3 Qc5
21. Rf1 Bb5 22. c4 Bxc4 23. Bxc4 Qxc4 24. Rc3 Qxe2 25. Rxc8+ Kd7 26. Nxe2 Kxc8
27. h4 Be3 28. fxe3 Rxe2 29. Rg1 Rh2 30. Rg7 Rxh4 31. Kc2 Rxe4 32. Kd3 Rh4 33.
Rxf7 Kd7 34. Rf8 Rh2 35. Kc3 Re2 36. Rb8 Kc7 37. Rh8 Rxe3+ 38. Kd4 Re2 39. Rxh7
Kc6 40. Kc3 e5 41. Rf7 Rf2 42. a4 d5 43. b4 Rf3+ 44. Kc2 d4 45. Re7 b5 46. a5
Kd6 47. Ra7 Rc3+ 48. Kd2 Rc6 49. Kd3 Kd5 50. Rd7+ Rd6 51. Re7 f5 0-1

[Event "Superettan(Farsta-SS 4 Springare)"]
[Site "?"]
[Date "2022.05.13"]
[Round "9"]
[White "Lagerborg, Krister"]
[Black "Horta, Hector"]
[Result "1-0"]
[WhiteElo "2129"]
[BlackElo "1901"]
[PlyCount "71"]

1. e4 g6 2. d4 Bg7 3. Be3 c5 4. c3 cxd4 5. cxd4 d5 6. e5 Nh6 7. Nc3 Nf5 8. Nf3
Nxe3 9. fxe3 O-O 10. Bd3 Nc6 11. O-O f6 12. exf6 Bxf6 13. Qe2 Be6 14. Rad1 Qa5
15. a3 a6 16. Qf2 Rad8 17. Qg3 Bf7 18. Ne2 Rd7 19. Ng5 Bxg5 20. Qxg5 Qc7 21. h4
e5 22. h5 e4 23. Bb1 Qd8 24. Qg4 Rd6 25. Rf2 Be6 26. Rxf8+ Qxf8 27. Qg3 Bf7 28.
Rf1 Qd8 29. Ba2 Ne7 30. Qf4 Be6 31. h6 Nf5 32. Ng3 Nxg3 33. Qxg3 Rd7 34. Qe5
Bf5 35. Rf4 Re7 36. Bxd5+ 1-0

[Event "Superettan(Upsala-Vasteras II)"]
[Site "?"]
[Date "2022.05.13"]
[Round "9"]
[White "Carlsson, Andreas"]
[Black "Fernandez, Juan Pablo"]
[Result "0-1"]
[WhiteElo "1964"]
[BlackElo "2024"]
[PlyCount "132"]

1. e4 c5 2. Nf3 g6 3. d4 cxd4 4. Qxd4 Nf6 5. Nc3 Nc6 6. Qa4 d6 7. e5 dxe5 8.
Nxe5 Qd4 9. Nxc6 Qxa4 10. Nxa4 bxc6 11. Be3 Bg7 12. O-O-O O-O 13. f3 Nd5 14.
Bd2 Rb8 15. c4 Nb4 16. a3 Na2+ 17. Kb1 Bf5+ 18. Kxa2 Bc2 19. Rc1 Bb3+ 20. Kb1
Bxa4 21. Bc3 Rfd8 22. Bxg7 Kxg7 23. b4 a5 24. b5 cxb5 25. cxb5 Bxb5 26. Bxb5
Rxb5+ 27. Kc2 Rc8+ 28. Kd2 Rb2+ 29. Ke3 Rxc1 30. Rxc1 Rb3+ 31. Kf4 Rxa3 32. Rc7
Kf6 33. Rc6+ e6 34. h4 Ra4+ 35. Kg3 Ra2 36. Ra6 a4 37. Kf4 Rxg2 38. Rxa4 e5+
39. Ke4 Re2+ 40. Kd3 Re1 41. Kd2 Rh1 42. Ke3 h5 43. Kf2 Kf5 44. Kg2 Rd1 45. Kg3
f6 46. Re4 Rd4 47. Re3 g5 48. hxg5 fxg5 49. Rb3 h4+ 50. Kh3 Kf4 51. Ra3 e4 52.
fxe4 Rxe4 53. Ra2 Re3+ 54. Kg2 g4 55. Rf2+ Ke4 56. Rd2 h3+ 57. Kh2 Kf3 58. Rd1
Re2+ 59. Kg1 g3 60. Rd3+ Re3 61. Rd1 Rc3 62. Re1 Rd3 63. Kh1 Kf2 64. Rc1 Ke2
65. Rf1 g2+ 66. Kh2 gxf1=N+ 0-1

[Event "Superettan(Farsta-SS 4 Springare)"]
[Site "?"]
[Date "2022.05.13"]
[Round "9"]
[White "Poley, Maksim"]
[Black "Wieweg, Johnny"]
[Result "0-1"]
[WhiteElo "2324"]
[BlackElo "2087"]
[PlyCount "64"]
[EventDate "2022.??.??"]

1. d4 Nf6 2. Nf3 g6 3. Bf4 Bg7 4. Nc3 d5 5. h3 O-O 6. e3 a6 7. Be2 b6 8. O-O
Bb7 9. a4 c5 10. Nb1 Nc6 11. c3 Re8 12. Nbd2 h6 13. dxc5 e5 14. Bh2 bxc5 15.
Nb3 Qe7 16. Re1 Rad8 17. Qc2 e4 18. Nfd2 Nd7 19. Rad1 Nde5 20. Bxe5 Bxe5 21. f3
Bg3 22. Rf1 f5 23. fxe4 fxe4 24. Nb1 Bc8 25. Rxd5 Rxd5 26. Bc4 Qe5 27. Rd1 Be6
28. Bxd5 Bxd5 29. Nxc5 Ne7 30. Nxa6 Nf5 31. Qe2 Rf8 32. Nb4 Bh2+ 0-1

[Event "Superettan(Rockaden,Umea-SS4Springare)"]
[Site "?"]
[Date "2022.05.08"]
[Round "8"]
[White "Hjalmarsson, Per"]
[Black "Iminov, Bachtiar"]
[Result "1/2-1/2"]
[WhiteElo "1920"]
[BlackElo "1846"]
[PlyCount "51"]

1. e4 c5 2. Nf3 e6 3. d4 cxd4 4. c3 Nf6 5. e5 Nd5 6. Bc4 Nb6 7. Bb3 Nc6 8. cxd4
d6 9. exd6 Bxd6 10. O-O O-O 11. Nc3 a6 12. Qe2 Ne7 13. Bg5 h6 14. Bxe7 Qxe7 15.
Rfd1 Re8 16. Ne4 Bd7 17. Nxd6 Qxd6 18. Qe5 Qxe5 19. Nxe5 Ba4 20. Bxa4 Nxa4 21.
Rd2 Rac8 22. Kf1 Rc7 23. Ke2 Rec8 24. Rad1 Rc2 25. Nd3 Kf8 26. Rxc2 1/2-1/2

[Event "Superettan(Rockaden,Umea-SS4Springare)"]
[Site "?"]
[Date "2022.05.08"]
[Round "8"]
[White "Sivuk, Vitalii"]
[Black "Malmstig, Erik"]
[Result "1-0"]
[WhiteElo "2512"]
[BlackElo "2177"]
[PlyCount "51"]

1. d4 Nf6 2. c4 g6 3. Nc3 Bg7 4. e4 d6 5. Be2 Nbd7 6. Bg5 e5 7. d5 a5 8. Nf3
Nc5 9. Nd2 h6 10. Be3 Nfd7 11. O-O O-O 12. b3 f5 13. f3 Rf7 14. a3 Na6 15. b4
c5 16. dxc6 bxc6 17. c5 Rf6 18. Nc4 dxc5 19. bxc5 f4 20. Bf2 Rf8 21. Na4 Nc7
22. Qd6 Rf6 23. Qd2 Qe7 24. Rfd1 Nf8 25. Nab6 Rb8 26. Qd8 1-0

[Event "Superettan(Rockaden,Umea-SS4Springare)"]
[Site "?"]
[Date "2022.05.08"]
[Round "8"]
[White "Hammarstrom, Ulf"]
[Black "Peng, Li Min"]
[Result "0-1"]
[WhiteElo "2244"]
[BlackElo "2498"]
[PlyCount "136"]

1. e4 e6 2. d4 d5 3. Bd3 Nf6 4. e5 Nfd7 5. c3 c5 6. f4 Nc6 7. Nf3 Qb6 8. Bc2
Be7 9. O-O cxd4 10. cxd4 f5 11. Kh1 Nf8 12. Nc3 a6 13. a3 Bd7 14. b4 Na7 15.
Be3 Rc8 16. Na4 Bxa4 17. Bxa4+ Nb5 18. Qd3 Nd7 19. Rfc1 O-O 20. Nd2 Qa7 21.
Bxb5 axb5 22. Qxb5 Rxc1+ 23. Rxc1 Qxa3 24. Nf1 Rd8 25. Qxb7 Qxb4 26. Qxb4 Bxb4
27. Bd2 Rb8 28. Rb1 Ba3 29. Rxb8+ Nxb8 30. Bc3 Nc6 31. g3 Na7 32. Ne3 Nb5 33.
Ba1 Bc1 34. Nc2 h6 35. Kg2 g5 36. fxg5 hxg5 37. Kf3 g4+ 38. Ke2 Kf7 39. Kd1 Bg5
40. Ke2 f4 41. gxf4 Bxf4 42. Ne3 Bxe3 43. Kxe3 Kg6 44. Kf4 Kh5 45. Bb2 Kh4 46.
Ba1 Na3 47. Bb2 Nb5 48. Ba1 Na3 49. Bb2 Nb1 50. Bc1 Nc3 51. Bd2 Ne2+ 52. Ke3
Ng1 53. Be1+ Kh3 54. Bg3 Nf3 55. Kf4 Nxd4 56. Kg5 Ne2 57. Be1 d4 58. Kf6 Kxh2
59. Kxe6 g3 60. Kf5 d3 61. e6 Nd4+ 62. Kg4 g2 63. Bg3+ Kh1 64. e7 d2 65. e8=Q
d1=Q+ 66. Kh3 g1=Q 67. Qe4+ Qf3 68. Qxd4 Qh2# 0-1

[Event "Superettan(Rockaden,Umea-SS4Springare)"]
[Site "?"]
[Date "2022.05.08"]
[Round "8"]
[White "Poley, Vladimir"]
[Black "Nygren, David"]
[Result "1/2-1/2"]
[WhiteElo "2324"]
[BlackElo "2182"]
[PlyCount "91"]

1. Nf3 c5 2. g3 Nf6 3. Bg2 d5 4. O-O Nc6 5. d4 e6 6. c4 Be7 7. Nc3 O-O 8. dxc5
Bxc5 9. cxd5 exd5 10. Bg5 d4 11. Bxf6 Qxf6 12. Nd5 Qd8 13. Nd2 Re8 14. Rc1 Bb6
15. Nf4 Bg4 16. Ne4 Bf5 17. Nc5 Bxc5 18. Rxc5 Be4 19. Bxe4 Rxe4 20. Qc2 Qe8 21.
Rd1 Rd8 22. a3 h6 23. h4 Rd6 24. b4 Rxf4 25. gxf4 Qe7 26. h5 Qh4 27. b5 Ne7 28.
Qe4 Qg4+ 29. Kf1 Qh3+ 30. Ke1 Qxa3 31. Rdc1 Qa5+ 32. Kf1 Qd8 33. Rc7 Re6 34.
Qxb7 Qd6 35. f5 Nxf5 36. Rc8+ Kh7 37. Qa8 g5 38. Rh8+ Kg7 39. Rc6 Qf4 40. Rxe6
Qc1+ 41. Kg2 Nh4+ 42. Kh2 Qf4+ 43. Kh1 Qc1+ 44. Kh2 Qf4+ 45. Kh1 Qc1+ 46. Kh2
1/2-1/2

[Event "Superettan(Rockaden,Umea-SS4Springare)"]
[Site "?"]
[Date "2022.05.08"]
[Round "8"]
[White "Mardell, Jonas"]
[Black "Jakenberg, Jussi"]
[Result "0-1"]
[WhiteElo "2126"]
[BlackElo "2113"]
[PlyCount "147"]

1. e4 e5 2. Nf3 Nc6 3. Bb5 Nf6 4. d3 Bc5 5. O-O Nd4 6. Nxd4 Bxd4 7. c3 Bb6 8.
Nd2 O-O 9. Nc4 d5 10. Nxb6 axb6 11. exd5 Qxd5 12. Bc4 Qd6 13. Bg5 Bg4 14. Qc2
h6 15. Bh4 g5 16. Bg3 Nh5 17. Rfe1 Nxg3 18. hxg3 Rae8 19. Re3 Be6 20. Bxe6 Rxe6
21. g4 Qd5 22. Qb3 Rd8 23. Qxd5 Rxd5 24. Kf1 Kg7 25. Ke2 Kg6 26. Rh1 Rdd6 27.
Rhh3 Rd5 28. Re4 Ra5 29. a3 b5 30. Rhe3 Kf6 31. Rf3+ Kg6 32. Rf5 f6 33. d4 Ra4
34. Kd3 Rd6 35. Rf3 exd4 36. Rxd4 Raxd4+ 37. cxd4 c5 38. Kc3 Rxd4 39. Rf5 Rc4+
40. Kd3 Rxg4 41. Rxc5 Rxg2 42. Ke3 b4 43. a4 b3 44. Kf3 Rh2 45. Rb5 Rh4 46. a5
Ra4 47. Rxb3 Rxa5 48. Rxb7 h5 49. b4 Ra2 50. Rb8 h4 51. b5 Rb2 52. b6 Kf5 53.
Kg2 Kg4 54. b7 h3+ 55. Kh1 f5 56. Kg1 f4 57. Kh1 Kf3 58. Rg8 Rxb7 59. Rxg5 Kxf2
60. Ra5 Rb3 61. Kh2 Rg3 62. Ra8 Kf3 63. Rb8 Rg2+ 64. Kxh3 Re2 65. Rf8 Re7 66.
Kh2 Rg7 67. Ra8 Rg2+ 68. Kh1 Rc2 69. Kg1 Rc1+ 70. Kh2 Re1 71. Rf8 Ke3 72. Re8+
Kf2 73. Rxe1 Kxe1 74. Kg2 0-1

[Event "Superettan(Rockaden,Umea-SS4Springare)"]
[Site "?"]
[Date "2022.05.08"]
[Round "8"]
[White "Zaritovskaja, Margo"]
[Black "Isaksson, Henrik"]
[Result "0-1"]
[WhiteElo "1999"]
[BlackElo "2117"]
[PlyCount "96"]

1. e4 c5 2. Nf3 Nc6 3. d4 cxd4 4. Nxd4 e5 5. Nb5 d6 6. N1c3 a6 7. Na3 b5 8. Nd5
Nce7 9. c4 Nxd5 10. cxd5 Nf6 11. Bd3 Be7 12. O-O O-O 13. Bd2 Nd7 14. Rc1 Nc5
15. Bb4 Bd7 16. Qe2 Rc8 17. Rfd1 Bg5 18. Rc3 Qb6 19. b3 g6 20. Nb1 a5 21. Bxc5
Rxc5 22. Rxc5 Qxc5 23. Nd2 Bh6 24. h4 f5 25. exf5 gxf5 26. Qh5 Kg7 27. Nf1 e4
28. Bb1 Qc3 29. Qe2 Bf4 30. Ne3 Qf6 31. g3 Be5 32. Ng2 Kh8 33. Qc2 Qh6 34. Qc7
Be8 35. Qe7 Bh5 36. Re1 Bc3 37. Re3 Bd2 38. Nf4 Bxe3 39. Nxh5 Bd4 40. Nf4 Rg8
41. Ne6 Bxf2+ 42. Kxf2 Qd2+ 43. Kf1 Qd1+ 44. Kf2 Qf3+ 45. Ke1 Qxg3+ 46. Kd1
Qf3+ 47. Kc1 Qc3+ 48. Kd1 Rg1+ 0-1

[Event "Superettan(Rockaden,Umea-SS4Springare)"]
[Site "?"]
[Date "2022.05.08"]
[Round "8"]
[White "Hellstrom, Magnus"]
[Black "Horta, Hector"]
[Result "1-0"]
[WhiteElo "2076"]
[BlackElo "1901"]
[PlyCount "79"]

1. e4 g6 2. d4 Bg7 3. Nc3 c5 4. d5 d6 5. h3 Nf6 6. Nf3 O-O 7. Bd3 Nbd7 8. O-O
Ne8 9. Bf4 Nc7 10. a4 Na6 11. Re1 Nb4 12. Bc4 Qc7 13. Nb5 Qb8 14. c3 Na6 15.
Qe2 Nc7 16. Nxd6 exd6 17. Bxd6 Re8 18. Ng5 Ne5 19. Bb5 Nd7 20. Qf3 f6 21. Qg3
fxg5 22. Bxc7 Be5 23. Bxb8 Bxg3 24. Bxg3 a6 25. Bc4 Nb6 26. Bd3 Nd7 27. e5 b6
28. c4 Bb7 29. e6 Nf8 30. f3 a5 31. Bc7 Ra6 32. Kf2 Bc8 33. Be4 Ra7 34. Bd6 Ba6
35. b3 Kg7 36. Be5+ Kh6 37. g4 Rae7 38. Bf6 Ra7 39. h4 gxh4 40. f4 1-0

[Event "Superettan(Rockaden,Umea-SS4Springare)"]
[Site "?"]
[Date "2022.05.08"]
[Round "8"]
[White "Mattsson, Michael"]
[Black "Johansson, David"]
[Result "1-0"]
[WhiteElo "2059"]
[BlackElo "2113"]
[PlyCount "77"]

1. e4 c5 2. Nf3 Nc6 3. Bb5 d6 4. d4 cxd4 5. Qxd4 Bd7 6. Bxc6 Bxc6 7. Nc3 Nf6 8.
Bg5 e6 9. O-O-O Be7 10. Qd3 a6 11. Nd4 Bd7 12. f4 h6 13. Bxf6 gxf6 14. f5 Qa5
15. Kb1 O-O-O 16. Qc4+ Qc5 17. Qb3 Qe5 18. g3 Rde8 19. Rhe1 Bd8 20. Nf3 Qc5 21.
Rd4 Bc7 22. Red1 Kb8 23. Rb4 b5 24. a4 a5 25. Rxb5+ Bxb5 26. Nxb5 Qb6 27. Qc3
exf5 28. exf5 Re3 29. Qxf6 Rhe8 30. Qxf7 R8e4 31. Nfd4 Re1 32. Rxe1 Rxe1+ 33.
Ka2 Qc5 34. f6 Rf1 35. Qe8+ Kb7 36. Qe7 Rf2 37. Nxc7 Qxc7 38. Nb5 Qxe7 39. fxe7
1-0

[Event "Superettan(Rockaden,Umea-Rock.,SthlmII)"]
[Site "?"]
[Date "2022.05.07"]
[Round "7"]
[White "Trost, Edvin"]
[Black "Hammarstrom, Ulf"]
[Result "1-0"]
[WhiteElo "2245"]
[BlackElo "2244"]
[PlyCount "91"]

1. d4 Nf6 2. c4 g6 3. g3 c6 4. Bg2 d5 5. Qa4 Nfd7 6. cxd5 Nb6 7. Qd1 cxd5 8. e3
Nc6 9. Ne2 Bf5 10. O-O Nb4 11. Bd2 Qd6 12. Nbc3 Qd7 13. a3 Nc6 14. Nf4 Be6 15.
Nxe6 Qxe6 16. Nxd5 Nxd5 17. e4 Rd8 18. exd5 Rxd5 19. Qb3 Rxd4 20. Qxe6 fxe6 21.
Bxc6+ bxc6 22. Bc3 Bg7 23. Rac1 Kf7 24. Bxd4 Bxd4 25. b4 Bb2 26. Rc4 Rb8 27.
Rb1 Be5 28. Rxc6 Bd6 29. Ra6 Rb7 30. Rc1 Bc7 31. Kg2 e5 32. Rac6 Bd6 33. Ra6
Bc7 34. Rc5 Bd6 35. Rca5 Bb8 36. Kf3 Rd7 37. b5 Rd5 38. b6 Rxa5 39. bxa7 e4+
40. Kg2 Rxa6 41. axb8=Q Rxa3 42. Qf4+ Ke8 43. Qxe4 Ra6 44. Qc4 Rf6 45. Qg8+ Kd7
46. Qxh7 1-0

[Event "Superettan(Rockaden,Umea-Rock.,SthlmII)"]
[Site "?"]
[Date "2022.05.07"]
[Round "7"]
[White "Nygren, David"]
[Black "Kenneskog, Theodor"]
[Result "1/2-1/2"]
[WhiteElo "2182"]
[BlackElo "2346"]
[PlyCount "43"]

1. e4 c5 2. c3 Nf6 3. e5 Nd5 4. d4 cxd4 5. Nf3 d6 6. cxd4 Nc6 7. Bc4 Nb6 8. Bb5
dxe5 9. Nxe5 Bd7 10. Nxd7 Qxd7 11. Nc3 e6 12. Qg4 Rd8 13. O-O h5 14. Qf3 a6 15.
Bxc6 Qxc6 16. Qxc6+ bxc6 17. Rd1 c5 18. dxc5 Rxd1+ 19. Nxd1 Bxc5 20. Be3 Bxe3
21. Nxe3 Ke7 22. Kf1 1/2-1/2

[Event "Superettan(Rockaden,Umea-Rock.,SthlmII)"]
[Site "?"]
[Date "2022.05.07"]
[Round "7"]
[White "Zadruzny, Nicolaj"]
[Black "Malmstig, Erik"]
[Result "1/2-1/2"]
[WhiteElo "2359"]
[BlackElo "2177"]
[PlyCount "125"]

1. Nf3 Nf6 2. d4 e6 3. c4 d5 4. Nc3 Be7 5. Bf4 O-O 6. e3 a6 7. Rc1 Re8 8. h3
Nbd7 9. c5 Nf8 10. Bd3 Ng6 11. Bh2 Bd7 12. O-O Rf8 13. b4 Ne8 14. a4 f5 15. b5
axb5 16. axb5 Nf6 17. Ra1 Rxa1 18. Qxa1 Ne4 19. Ne2 Bf6 20. Qa5 c6 21. Qa7 Qc8
22. b6 e5 23. Rc1 f4 24. exf4 exf4 25. Qa2 Kh8 26. Qc2 Be7 27. Nc3 Nxc3 28.
Qxc3 Bf5 29. Re1 Bf6 30. Ne5 Bxe5 31. dxe5 Qe6 32. Bf1 h6 33. f3 Kh7 34. Qd4
Ra8 35. Bxf4 Ra2 36. Re2 Ra5 37. Bd2 Rb5 38. Re3 Rb1 39. g4 Bc2 40. Qc3 Ba4 41.
Kf2 Bb5 42. Bd3 Bxd3 43. Qxd3 Rb2 44. Re2 Qe7 45. e6 Qxc5+ 46. Kg2 Qc4 47. Qxc4
dxc4 48. Kf2 c3 49. Bxc3 Rxe2+ 50. Kxe2 Nf4+ 51. Ke3 Nxe6 52. f4 Nc5 53. Bd4
Nd7 54. Ke4 Kg6 55. f5+ Kf7 56. Be3 Ke8 57. Bd4 Nf6+ 58. Ke5 Nd7+ 59. Ke4 Kf7
60. Be3 Ke7 61. Bd4 Nf6+ 62. Ke5 Nd7+ 63. Ke4 1/2-1/2

[Event "Superettan(Rockaden,Umea-Rock.,SthlmII)"]
[Site "?"]
[Date "2022.05.07"]
[Round "7"]
[White "Nikolic, Vladan"]
[Black "Mardell, Jonas"]
[Result "1-0"]
[WhiteElo "2205"]
[BlackElo "2126"]
[PlyCount "55"]

1. d4 Nf6 2. c4 e6 3. Nf3 d5 4. g3 Be7 5. Bg2 O-O 6. O-O Nbd7 7. Qc2 c5 8. cxd5
exd5 9. Nc3 b6 10. Bf4 Bb7 11. Rad1 c4 12. b3 Rc8 13. bxc4 Rxc4 14. Qb3 Qc8 15.
Nb5 Rb4 16. Qa3 Rxb5 17. Qxe7 Re8 18. Qa3 Rxe2 19. Rc1 Qa8 20. Bd2 Re8 21. Rc7
Rc8 22. Rxc8+ Bxc8 23. Rc1 Nf8 24. Bf1 Bd7 25. Ne5 Be8 26. Bxb5 Bxb5 27. Rc7
Qe8 28. Rxa7 1-0

[Event "Superettan(Rockaden,Umea-Rock.,SthlmII)"]
[Site "?"]
[Date "2022.05.07"]
[Round "7"]
[White "Johansson, David"]
[Black "Ekenberg, Ulf"]
[Result "1/2-1/2"]
[WhiteElo "2113"]
[BlackElo "2014"]
[PlyCount "83"]

1. e4 e5 2. Bc4 Nf6 3. d3 Bc5 4. Nf3 d6 5. a4 Be6 6. Bxe6 fxe6 7. O-O O-O 8. a5
Nc6 9. c3 a6 10. b4 Ba7 11. Nbd2 Qe8 12. Re1 Nh5 13. Nc4 Nf4 14. Bxf4 Rxf4 15.
Ne3 Qf7 16. Qb3 Rf8 17. Ng5 Qf6 18. Nxe6 Rxf2 19. Nxf8+ Kxf8 20. d4 exd4 21.
Ng4 dxc3 22. Nxf2 Bxf2+ 23. Kh1 Bxe1 24. Rxe1 Qf2 25. Qxc3 Ne5 26. Rc1 c6 27.
Rd1 Ke7 28. Qc1 Qh4 29. Qd2 Nf7 30. Rf1 Ne5 31. Qd4 Ke6 32. h3 Qg3 33. Qb6 Qd3
34. Rf8 Nd7 35. Re8+ Kf7 36. Qd8 Qf1+ 37. Kh2 Qf4+ 38. Kg1 Qe3+ 39. Kf1 Qc1+
40. Ke2 Qc2+ 41. Ke3 Qc3+ 42. Ke2 1/2-1/2

[Event "Superettan(Rockaden,Umea-Rock.,SthlmII)"]
[Site "?"]
[Date "2022.05.07"]
[Round "7"]
[White "Svorono, Gabriel"]
[Black "Hellstrom, Magnus"]
[Result "0-1"]
[WhiteElo "2073"]
[BlackElo "2076"]
[PlyCount "66"]

1. d4 Nf6 2. c4 g6 3. g3 c5 4. d5 Bg7 5. Bg2 O-O 6. Nc3 d6 7. Nf3 e6 8. O-O
exd5 9. cxd5 a6 10. a4 Nbd7 11. Bf4 Qe7 12. Nd2 Nh5 13. Be3 f5 14. Nc4 Ne5 15.
Nxe5 Bxe5 16. Bh6 Re8 17. Bf3 Nf6 18. Qd2 Bd7 19. a5 Rab8 20. Na4 Ne4 21. Bxe4
fxe4 22. Nb6 Bb5 23. Rac1 Bd4 24. Be3 Qe5 25. Rc2 Bxe3 26. Qxe3 Re7 27. Qc3 e3
28. f4 Qd4 29. Qxd4 cxd4 30. Nc4 Rc8 31. Rfc1 Rxc4 32. Rxc4 Bxc4 33. Rxc4 d3
0-1

[Event "Superettan(Rockaden,Umea-Rock.,SthlmII)"]
[Site "?"]
[Date "2022.05.07"]
[Round "7"]
[White "Hjalmarsson, Per"]
[Black "Todorovic, Zoran"]
[Result "0-1"]
[WhiteElo "1920"]
[BlackElo "2006"]
[PlyCount "156"]

1. e4 c5 2. Nf3 d6 3. d4 cxd4 4. c3 d3 5. c4 g6 6. Nc3 Bg7 7. Bxd3 Nc6 8. h3
Nf6 9. O-O O-O 10. Qe2 Nd7 11. Nd5 Nde5 12. Nxe5 dxe5 13. Bg5 Re8 14. Rfd1 Be6
15. Rac1 Nd4 16. Qe3 Rc8 17. Bf1 Qd7 18. Qa3 Bxd5 19. cxd5 Rxc1 20. Rxc1 a6 21.
Qc5 h6 22. Be3 Qa4 23. Qc7 Qb4 24. Qd7 Rf8 25. b3 Kh7 26. Kh2 Bf6 27. Bd3 Kg7
28. Qc7 b5 29. Qc5 Qa5 30. a4 Nxb3 31. Qc7 Qxa4 32. Rf1 Na5 33. f4 Nc4 34. Bc5
exf4 35. Bxe7 Bxe7 36. Qxe7 Qa3 37. Qxa3 Nxa3 38. Ra1 b4 39. Bxa6 Kf6 40. Rc1
Ke5 41. Rc7 Rb8 42. Re7+ Kd4 43. d6 Rd8 44. Rb7 Rxd6 45. Rxb4+ Ke5 46. Bb7 f6
47. Kg1 Rd1+ 48. Kf2 Rb1 49. Rxb1 Nxb1 50. Ke2 Nc3+ 51. Kd3 Nb5 52. Bc6 Nd4 53.
Be8 g5 54. Bd7 Nb3 55. Bc6 Nc5+ 56. Ke2 Nxe4 57. Kf3 f5 58. Ba8 h5 59. Bc6 g4+
60. Ke2 h4 61. Bb7 gxh3 62. gxh3 Ng5 63. Bg2 f3+ 64. Bxf3 Kf4 65. Bg2 Kg3 66.
Bc6 Nxh3 67. Bd7 Kf4 68. Kf1 Ng5 69. Kg2 Ke4 70. Kf2 Kf4 71. Bc8 Nf7 72. Kg2
Ng5 73. Bd7 Kg4 74. Bc8 h3+ 75. Kf2 Ne4+ 76. Kg1 Nd6 77. Be6 Kg3 78. Kf1 h2 0-1

[Event "Superettan(Farsta-Vasteras II)"]
[Site "?"]
[Date "2022.04.10"]
[Round "8"]
[White "Wisdahl, Peter"]
[Black "Orell, Martin"]
[Result "1-0"]
[WhiteElo "2036"]
[BlackElo "1894"]
[PlyCount "79"]

1. e4 g6 2. d4 Bg7 3. Nf3 d6 4. h3 Nf6 5. Bd3 c5 6. c3 O-O 7. O-O b6 8. e5 Ne8
9. dxc5 Bb7 10. exd6 e5 11. Bg5 Qc8 12. Bb5 Qxc5 13. Bxe8 Rxe8 14. d7 Nxd7 15.
Qxd7 Bxf3 16. gxf3 e4 17. Be3 Qh5 18. Qg4 Qb5 19. fxe4 Qxb2 20. Nd2 Bxc3 21.
Nb3 Qa3 22. Rac1 Qb4 23. f3 f5 24. Qg2 fxe4 25. fxe4 Rad8 26. Qc2 Rc8 27. Qd3
Red8 28. Qb1 Qd6 29. Bf4 Qe6 30. Rf3 Be5 31. Rxc8 Rxc8 32. Bxe5 Qxe5 33. Qd3
Qg5+ 34. Rg3 Qe7 35. Qd5+ Kg7 36. Rg5 Kh6 37. h4 Rc3 38. Qe5 Qb4 39. Rh5+ gxh5
40. Qf6# 1-0

[Event "Superettan(Schack 08-Helsingborg)"]
[Site "?"]
[Date "2022.04.10"]
[Round "8"]
[White "Larsson, Roger"]
[Black "Derdic, Valentin"]
[Result "1/2-1/2"]
[WhiteElo "1959"]
[BlackElo "1850"]
[PlyCount "97"]

1. d4 d5 2. c4 dxc4 3. e3 e5 4. Bxc4 exd4 5. exd4 Nf6 6. Nc3 h6 7. Nf3 Bd6 8.
O-O O-O 9. h3 Bf5 10. Bd3 Qd7 11. Bxf5 Qxf5 12. Re1 Nc6 13. a3 a6 14. Be3 Rfe8
15. Rc1 Rad8 16. b4 Nd5 17. Nxd5 Qxd5 18. Qc2 a5 19. bxa5 Ra8 20. Rb1 Rxa5 21.
Bd2 Raa8 22. Rxe8+ Rxe8 23. Qb3 Qxb3 24. Rxb3 b6 25. Kf1 Ra8 26. Bc1 Ra4 27.
Rd3 Rc4 28. Bd2 Ra4 29. Bc1 Na5 30. Nd2 Nc4 31. Nxc4 Rxc4 32. Bb2 Rc2 33. Rb3
Kf8 34. g3 g5 35. Kg2 Ke7 36. Kf3 Ke6 37. Rb5 Kd7 38. a4 Kc6 39. d5+ Kb7 40.
Bg7 h5 41. Rb2 Rc4 42. a5 g4+ 43. hxg4 hxg4+ 44. Ke2 f5 45. axb6 cxb6 46. Kd3
Ra4 47. Bd4 Ra3+ 48. Kc4 Ra4+ 49. Kd3 1/2-1/2

[Event "Superettan(Burgsvik-Orgryte)"]
[Site "?"]
[Date "2022.04.10"]
[Round "8"]
[White "Frisk Kockum, Anton"]
[Black "Andersson, Tommy"]
[Result "0-1"]
[WhiteElo "2341"]
[BlackElo "2380"]
[PlyCount "168"]
[SourceDate "2022.05.22"]

1. d4 Nf6 2. c4 e6 3. Nf3 Bb4+ 4. Bd2 a5 5. Nc3 b6 6. g3 Bb7 7. Bg2 O-O 8. O-O
d6 9. b3 Nbd7 10. a3 Bxc3 11. Bxc3 Be4 12. a4 Qc8 13. Bh3 Qa6 14. Ng5 Bg6 15.
Bg2 d5 16. cxd5 exd5 17. Rc1 c6 18. Re1 Rfe8 19. Nh3 h6 20. f3 Re7 21. Nf4 Bh7
22. Bf1 Qb7 23. Nd3 Rc8 24. Bb2 c5 25. Bh3 Rce8 26. dxc5 bxc5 27. Bxf6 Nxf6 28.
Nxc5 Qb6 29. Kf1 Qb4 30. Nd3 Bxd3 31. Qxd3 Re3 32. Qb5 Rxb3 33. Rb1 Rxb1 34.
Rxb1 Qd2 35. Bf5 g6 36. Bd3 Kg7 37. Kg2 Re3 38. Rb2 Qe1 39. Qc5 Re6 40. Qa7 Ng8
41. Rb7 Rxe2+ 42. Bxe2 Qxe2+ 43. Qf2 Qe6 44. Rb5 Ne7 45. Qb2+ Kh7 46. Rb8 g5
47. Re8 Qd7 48. Rh8+ Kg6 49. Qb1+ Nf5 50. Rg8+ Kh7 51. Ra8 Kg7 52. Qb8 Qe6 53.
Qh8+ Kg6 54. Rg8+ Kh5 55. g4+ Kh4 56. Re8 Ne3+ 57. Kh1 Qa6 58. Qa1 Qe2 59. Rxe3
Qxe3 60. Qf6 Qe6 61. Qc3 f5 62. gxf5 Qxf5 63. Kg2 Qe6 64. Kf2 Qd6 65. Qxa5
Qxh2+ 66. Kf1 Qh1+ 67. Kf2 Qd1 68. Qb4+ d4 69. a5 Qc2+ 70. Ke1 Qc1+ 71. Ke2
Qe3+ 72. Kd1 Qxf3+ 73. Kd2 Qe3+ 74. Kd1 g4 75. Qb6 g3 76. Qf6+ Kg4 77. a6 g2
78. Qg6+ Kf3 79. Qf5+ Kg3 80. Qg6+ Kf2 81. Qc2+ Kf1 82. Qf5+ Kg1 83. a7 d3 84.
Qh5 Qf2 0-1

[Event "Superettan(Kristallen-Upsala)"]
[Site "?"]
[Date "2022.04.10"]
[Round "8"]
[White "Sirin, Atakan"]
[Black "Andersson, Goran L"]
[Result "1-0"]
[WhiteElo "2280"]
[BlackElo "2246"]
[PlyCount "165"]
[EventDate "2022.??.??"]

1. d4 d5 2. Nc3 Bf5 3. f3 e6 4. e4 Bg6 5. exd5 exd5 6. Qe2+ Ne7 7. Bf4 a6 8.
O-O-O Nbc6 9. h4 h5 10. g3 Bf5 11. Nh3 Qd7 12. Na4 b6 13. Nc3 f6 14. Nf2 Kf7
15. g4 Be6 16. Bg3 Nc8 17. Bg2 Bb4 18. Rhe1 Re8 19. f4 Nd6 20. f5 Bxf5 21.
Bxd5+ Kf8 22. Qf1 hxg4 23. Qh1 Rxe1 24. Rxe1 Re8 25. Rd1 Ne7 26. Bb3 Bxc3 27.
bxc3 Qc6 28. Kd2 Nc4+ 29. Kc1 Nd5 30. h5 Re3 31. h6 Kg8 32. hxg7 Kxg7 33. Bf4
Re2 34. Nxg4 Bxg4 35. Qh6+ Kf7 36. Qh7+ Ke8 37. Qg8+ Ke7 38. Qg7+ Ke8 39. Qxg4
Nxf4 40. Qg8+ Kd7 41. Bxc4 Rg2 42. Qf7+ Kc8 43. Bxa6+ Kb8 44. Qf8+ Ka7 45. Qa3
Kb8 46. Re1 b5 47. Rh1 Rxc2+ 48. Kxc2 Qg2+ 49. Kb3 Qd5+ 50. c4 bxc4+ 51. Bxc4
Qxh1 52. Qf8+ Kb7 53. Qxf6 Qb1+ 54. Ka4 Qc2+ 55. Bb3 Qc6+ 56. Qxc6+ Kxc6 57.
Bc4 Ng6 58. Ka5 Kb7 59. Bd5+ Ka7 60. Kb5 Ne7 61. Be4 Kb8 62. Ka6 Nc8 63. Bf5
Nd6 64. Bd3 Ka8 65. a4 Kb8 66. Bc2 Ka8 67. Bd1 Kb8 68. Bf3 Nf5 69. d5 Nd6 70.
Bg2 Ka8 71. Ka5 Kb8 72. Kb4 Nf5 73. Kc5 Ne7 74. Be4 Ka7 75. a5 Kb8 76. Bd3 Kb7
77. Bc4 Ka7 78. Kd4 Kb7 79. Bd3 Nc8 80. Ke5 Na7 81. Ke6 Nc8 82. Kd7 Na7 83. Be2
1-0